[Event "23rd EUR-ch"]
[Site "Vrnjacka Banja SRB"]
[Date "2023.03.10"]
[Round "8.164"]
[White "Maksimovic, Branimir"]
[Black "Panic, Nenad"]
[Result "1/2-1/2"]
[WhiteElo "2128"]
[BlackElo "2295"]
[EventDate "2023.03.03"]
[PlyCount "50"]

1.e4 c5 2.Nf3 e6 3.d4 cxd4 4.Nxd4 a6 5.Bd3 Nc6 6.Nxc6 dxc6 7.Bf4 Qf6 8.Be3
e5 9.Nd2 Be6 10.O-O Bd6 11.Nc4 Bxc4 12.Bxc4 Qe7 13.a4 Nf6 14.Qf3 O-O 15.a5
Rad8 16.c3 Bc5 17.Rad1 Bxe3 18.Qxe3 Rxd1 19.Rxd1 Rd8 20.Rd3 Qc7 21.b4 Ne8 
22.f3 Rxd3 23.Qxd3 Qc8 24.Kf2 Kf8 25.Bb3 Qc7 1/2-1/2

[Event "23rd EUR-ch"]
[Site "Vrnjacka Banja SRB"]
[Date "2023.03.10"]
[Round "8.165"]
[White "Kostov, Deyan Samuil"]
[Black "Krasteva, Beloslava"]
[Result "1/2-1/2"]
[WhiteElo "2120"]
[BlackElo "2292"]
[EventDate "2023.03.03"]
[PlyCount "45"]

1.d4 Nf6 2.c4 e6 3.Nc3 Bb4 4.e3 O-O 5.Bd3 d5 6.a3 Bxc3+ 7.bxc3 dxc4 8.Bxc4
c5 9.Nf3 Qc7 10.Qe2 cxd4 11.O-O dxc3 12.e4 Nc6 13.Bg5 Ne5 14.Bxf6 gxf6 15.
Nxe5 Qxe5 16.f4 Qd4+ 17.Kh1 b5 18.Rad1 Qxc4 19.Qg4+ Kh8 20.Qh4 Qe2 21.
Qxf6+ Kg8 22.Qg5+ Kh8 23.Qf6+ 1/2-1/2

[Event "23rd EUR-ch"]
[Site "Vrnjacka Banja SRB"]
[Date "2023.03.10"]
[Round "8.166"]
[White "Krunic, Dusan"]
[Black "Remolar Gallen, Jose"]
[Result "0-1"]
[WhiteElo "2116"]
[BlackElo "2290"]
[EventDate "2023.03.03"]
[PlyCount "80"]

1.Nf3 Nf6 2.g3 b5 3.Bg2 Bb7 4.O-O e6 5.d4 Be7 6.Qd3 a6 7.Bg5 O-O 8.a4 b4 
9.c3 a5 10.Bxf6 gxf6 11.Ng5 fxg5 12.Bxb7 Ra7 13.Bg2 d5 14.e4 c6 15.Nd2 Nd7
16.e5 f5 17.exf6 Bxf6 18.f4 gxf4 19.gxf4 Bg7 20.Rae1 Rf6 21.Nf3 Nf8 22.Ne5
Qd6 23.Bh3 c5 24.Kh1 Rc7 25.f5 cxd4 26.cxd4 exf5 27.Bxf5 Rh6 28.Qg3 Kh8 
29.Rg1 Rf6 30.h3 Rh6 31.Qg4 Qf6 32.Nf3 Rf7 33.Re5 Ng6 34.Rxd5 Bf8 35.Ng5 
Re7 36.Rd8 Rh4 37.Qf3 Rf4 38.Qxf4 Nxf4 39.Nxh7 Rxh7 40.Bxh7 Qxd8 0-1

[Event "23rd EUR-ch"]
[Site "Vrnjacka Banja SRB"]
[Date "2023.03.10"]
[Round "8.167"]
[White "Jandric, Damjan"]
[Black "Irizanin, Radoje"]
[Result "1/2-1/2"]
[WhiteElo "2104"]
[BlackElo "2288"]
[EventDate "2023.03.03"]
[PlyCount "83"]

1.e4 c6 2.Nf3 d5 3.Nc3 dxe4 4.Nxe4 Nf6 5.Qe2 Nxe4 6.Qxe4 Qd5 7.Qf4 Qf5 8.
Qe3 Qe6 9.d4 Qxe3+ 10.Bxe3 e6 11.O-O-O Be7 12.Ne5 Nd7 13.Nxd7 Bxd7 14.g3 
h5 15.h4 a5 16.c4 a4 17.f4 c5 18.Bg2 cxd4 19.Bxd4 Bc6 20.Bxc6+ bxc6 21.Rd3
O-O-O 22.Rhd1 Rhg8 23.Bf2 Rxd3 24.Rxd3 Kc7 25.c5 Bf6 26.Be1 Ra8 27.Kc2 e5 
28.f5 e4 29.Re3 Bd4 30.Rxe4 Bxc5 31.g4 a3 32.b4 Bd6 33.Kb3 c5 34.gxh5 Rh8 
35.Rg4 Rxh5 36.Rg5 Rxg5 37.hxg5 g6 38.fxg6 fxg6 39.b5 Bf4 40.Bf2 Bxg5 41.
Bxc5 Bc1 42.Kc2 1/2-1/2

[Event "23rd EUR-ch"]
[Site "Vrnjacka Banja SRB"]
[Date "2023.03.10"]
[Round "8.168"]
[White "Gunduz, Umut Erdem"]
[Black "Giacomini, Hector"]
[Result "1-0"]
[WhiteElo "2286"]
[BlackElo "2121"]
[EventDate "2023.03.03"]
[PlyCount "58"]

1.e4 c6 2.d4 d5 3.Nd2 dxe4 4.Nxe4 Bf5 5.Ng3 Bg6 6.h4 h6 7.Nf3 Nd7 8.h5 Bh7
9.Bd3 Bxd3 10.Qxd3 Ngf6 11.Bf4 e6 12.O-O-O Be7 13.Kb1 O-O 14.Ne4 Nxe4 15.
Qxe4 Nf6 16.Qd3 c5 17.g4 Nxg4 18.Qe2 Qb6 19.Rhg1 f5 20.Ne5 Rad8 21.Ng6 Rf7
22.f3 Nf6 23.Nxe7+ Rxe7 24.dxc5 Rxd1+ 25.Qxd1 Qc6 26.Bd6 Kf7 27.Qe2 Qe8 
28.Rg6 Nh7 29.c4 e5 1-0

[Event "23rd EUR-ch"]
[Site "Vrnjacka Banja SRB"]
[Date "2023.03.10"]
[Round "8.169"]
[White "Pogorelsky, Sofia"]
[Black "Leszko, Bence"]
[Result "1/2-1/2"]
[WhiteElo "2102"]
[BlackElo "2283"]
[EventDate "2023.03.03"]
[PlyCount "43"]

1.e4 c5 2.Nf3 Nc6 3.Bb5 Nf6 4.Bxc6 dxc6 5.d3 g6 6.Be3 b6 7.h3 Bg7 8.Nbd2 
Nd7 9.Qc1 Nf8 10.O-O Ne6 11.Rd1 Nd4 12.Kh1 Ba6 13.Ng1 e5 14.c3 Ne6 15.Ndf3
O-O 16.Bh6 Qd6 17.Bxg7 Kxg7 18.Qe3 Rfd8 19.Rd2 Rd7 20.Rad1 Rad8 21.d4 cxd4
22.cxd4 1/2-1/2

[Event "23rd EUR-ch"]
[Site "Vrnjacka Banja SRB"]
[Date "2023.03.10"]
[Round "8.170"]
[White "Kristoferitsch, Daniel"]
[Black "Pousada Garcia, Daniel"]
[Result "1-0"]
[WhiteElo "2282"]
[BlackElo "2050"]
[EventDate "2023.03.03"]
[PlyCount "65"]

1.d4 Nf6 2.c4 e6 3.Nc3 d5 4.cxd5 exd5 5.Bg5 Be7 6.e3 Nbd7 7.Bd3 c6 8.Qc2 
h6 9.Bh4 O-O 10.Nge2 Re8 11.O-O b5 12.a4 b4 13.Na2 Bb7 14.Nac1 Rc8 15.Nb3 
Ne4 16.Bxe7 Qxe7 17.Bxe4 dxe4 18.Rfc1 Ba6 19.Nf4 g5 20.Nh5 Bd3 21.Qd2 Nb6 
22.Nc5 f5 23.Nxd3 Qf7 24.Ne5 Qxh5 25.Qxb4 f4 26.Qd6 Rcd8 27.Qxc6 Rd5 28.a5
fxe3 29.g4 exf2+ 30.Kg2 Rdxe5 31.gxh5 R5e6 32.Qxe8+ Rxe8 33.axb6 1-0

[Event "23rd EUR-ch"]
[Site "Vrnjacka Banja SRB"]
[Date "2023.03.10"]
[Round "8.171"]
[White "Vujcic, Milena"]
[Black "Kojovic, Dragan"]
[Result "1/2-1/2"]
[WhiteElo "2072"]
[BlackElo "2272"]
[EventDate "2023.03.03"]
[PlyCount "102"]

1.e4 c5 2.Nf3 e6 3.d4 cxd4 4.Nxd4 a6 5.Nc3 Ne7 6.Bd3 Nbc6 7.Nxc6 Nxc6 8.
O-O Be7 9.Qg4 Bf6 10.f4 d6 11.Kh1 h5 12.Qf3 Bd7 13.Bd2 Qc7 14.Rae1 O-O-O 
15.a3 h4 16.Nd1 h3 17.Bc3 hxg2+ 18.Qxg2 Bxc3 19.Nxc3 g6 20.Rf3 Qb6 21.b4 
Rh4 22.Qf2 Qxf2 23.Rxf2 Rdh8 24.b5 Nd4 25.bxa6 bxa6 26.Bxa6+ Kc7 27.Rd1 
Ra8 28.Rxd4 Rxa6 29.a4 Ra5 30.Rc4+ Bc6 31.Kg1 f5 32.exf5 gxf5 33.Rg2 d5 
34.Rb4 Kd6 35.Ne2 Kc5 36.c3 Bxa4 37.Nd4 Ra6 38.Ra2 Rg4+ 39.Kf2 Rxf4+ 40.
Ke3 e5 41.Raxa4 Re4+ 42.Kd3 Rxa4 43.Rxa4 exd4 44.cxd4+ Kb5 45.Ra2 Rh4 46.
Rb2+ Kc6 47.Rf2 f4 48.Kc3 Kd6 49.Kb4 Kc6 50.Kc3 Kd7 51.Kb4 Kd6 1/2-1/2

[Event "23rd EUR-ch"]
[Site "Vrnjacka Banja SRB"]
[Date "2023.03.10"]
[Round "8.172"]
[White "Farkas, Sandor"]
[Black "Paszewski, Mateusz"]
[Result "1-0"]
[WhiteElo "2064"]
[BlackElo "2270"]
[EventDate "2023.03.03"]
[PlyCount "97"]

1.d4 Nf6 2.Nf3 d5 3.c3 e6 4.Bf4 c5 5.e3 Nc6 6.Nbd2 cxd4 7.exd4 Nh5 8.Bg5 
f6 9.Ne5 g6 10.Bh4 Be7 11.Nd3 O-O 12.Be2 Ng7 13.O-O Nf5 14.Bg3 Nxg3 15.
hxg3 Bd6 16.Bf3 Bd7 17.Re1 b6 18.Nf4 Re8 19.Nxe6 Bxe6 20.Rxe6 Rxe6 21.Bxd5
Qd7 22.Qb3 Re8 23.Bxe6+ Qxe6 24.Qxe6+ Rxe6 25.d5 Re2 26.Nc4 Ne7 27.Nxd6 
Nxd5 28.Rb1 a6 29.Kf1 Re6 30.Nc4 b5 31.Nd2 Kf7 32.Nf3 Nb6 33.Rd1 Na4 34.
Rd2 h5 35.Nd4 Rd6 36.Ke2 f5 37.f3 Kf6 38.Kd3 Nc5+ 39.Kc2 Na4 40.b3 Nb6 41.
Ne2 Rc6 42.Nf4 Ke5 43.Nd3+ Kf6 44.Nb4 Re6 45.Nxa6 Nc4 46.bxc4 Rxa6 47.cxb5
Rxa2+ 48.Kd3 Ra1 49.c4 1-0

[Event "23rd EUR-ch"]
[Site "Vrnjacka Banja SRB"]
[Date "2023.03.10"]
[Round "8.173"]
[White "Savicevic, Vlatko"]
[Black "Cox, Tristan"]
[Result "1-0"]
[WhiteElo "2268"]
[BlackElo "1975"]
[EventDate "2023.03.03"]
[PlyCount "37"]

1.e4 c6 2.d4 d5 3.Nc3 dxe4 4.Nxe4 Nf6 5.Nxf6+ exf6 6.Nf3 Bd6 7.Bd3 O-O 8.
O-O Bg4 9.h3 Bh5 10.Be3 Na6 11.c4 Nc7 12.Bf5 Ne6 13.d5 cxd5 14.Qxd5 Qe7 
15.Bxh7+ Kxh7 16.Qxh5+ Kg8 17.Rad1 g6 18.Qh4 Ng7 19.Bd4 1-0

[Event "23rd EUR-ch"]
[Site "Vrnjacka Banja SRB"]
[Date "2023.03.10"]
[Round "8.174"]
[White "Ciric, Pavle"]
[Black "Zverev, Lev"]
[Result "0-1"]
[WhiteElo "2037"]
[BlackElo "2267"]
[EventDate "2023.03.03"]
[PlyCount "60"]

1.e4 c5 2.Nf3 d6 3.d4 cxd4 4.Qxd4 Nf6 5.e5 Nc6 6.Bb5 Qa5+ 7.Nc3 Qxb5 8.
Nxb5 Nxd4 9.Nbxd4 dxe5 10.Nxe5 g6 11.O-O Bg7 12.Re1 O-O 13.c3 Nd5 14.Bd2 
f6 15.Nef3 e5 16.Nb3 b6 17.c4 Nc7 18.Bc3 Ba6 19.Nbd2 Rad8 20.b4 Rd3 21.Re3
Rfd8 22.b5 Bb7 23.Bb4 R3d7 24.Nf1 e4 25.Ne1 f5 26.Rb1 Ne6 27.Ra3 Ba8 28.g3
g5 29.Ne3 f4 30.Nd5 Kf7 0-1

[Event "23rd EUR-ch"]
[Site "Vrnjacka Banja SRB"]
[Date "2023.03.10"]
[Round "8.175"]
[White "Dumbelovic, Novak"]
[Black "Ozsakallioglu, Okan"]
[Result "0-1"]
[WhiteElo "1948"]
[BlackElo "2264"]
[EventDate "2023.03.03"]
[PlyCount "106"]

1.e4 c5 2.Nf3 e6 3.d4 cxd4 4.Nxd4 Nf6 5.Nc3 Nc6 6.Nxc6 bxc6 7.Bd3 d5 8.O-O
Be7 9.Qe2 O-O 10.b3 Nd7 11.Bb2 Nc5 12.Rfd1 a5 13.Qg4 e5 14.Qg3 d4 15.Nb1 
Nxd3 16.cxd3 Bd6 17.Nd2 Be6 18.Rdc1 a4 19.f4 a3 20.Bxd4 exd4 21.e5 Bb4 22.
Ne4 Bd5 23.Nf6+ Kh8 24.Nh5 Rg8 25.Rf1 f5 26.Qh3 Qd7 27.Rf2 Qe6 28.Raf1 Qg6
29.Ng3 Rgf8 30.Re2 Rae8 31.Rff2 Kg8 32.Kf1 Be6 33.Rc2 Bc3 34.Kg1 Rc8 35.
Rf1 Bb2 36.Ne2 Bd5 37.Rb1 c5 38.Qg3 Qxg3 39.Nxg3 g6 40.Ne2 Kf7 41.Kf2 Ke6 
42.h4 h6 43.g3 Rc6 44.Nc1 Rh8 45.Ne2 Ke7 46.Rg1 g5 47.g4 fxg4 48.f5 Rf8 
49.f6+ Ke6 50.Ng3 gxh4 51.Nh5 g3+ 52.Ke1 Bc3+ 53.Kf1 Bf3 0-1

[Event "23rd EUR-ch"]
[Site "Vrnjacka Banja SRB"]
[Date "2023.03.10"]
[Round "8.176"]
[White "Stojanovic, Andjelija"]
[Black "Kochavi, Dana"]
[Result "1-0"]
[WhiteElo "2262"]
[BlackElo "1929"]
[EventDate "2023.03.03"]
[PlyCount "81"]

1.d4 Nf6 2.g3 e6 3.Bg2 Be7 4.e4 d6 5.Nc3 O-O 6.e5 dxe5 7.dxe5 Nfd7 8.Nf3 
c5 9.O-O Nc6 10.Re1 a6 11.h4 Rb8 12.Bf4 Qc7 13.h5 b5 14.h6 g6 15.Ne4 Bb7 
16.Nd6 Ba8 17.Qe2 Nb6 18.Rad1 Rbd8 19.c4 bxc4 20.Nxc4 Nxc4 21.Qxc4 Nb4 22.
a3 Bd5 23.Qc1 Nc6 24.Bg5 Bb3 25.Rxd8 Rxd8 26.Bxe7 Qxe7 27.Qf4 Nd4 28.Ng5 
Bd5 29.Bxd5 exd5 30.Nf3 Ne6 31.Qa4 Qb7 32.Qh4 Re8 33.b4 d4 34.Ng5 cxb4 35.
Nxe6 fxe6 36.axb4 Qd7 37.Rd1 Rd8 38.Qf6 Rf8 39.Rxd4 Qc7 40.Qxe6+ Kh8 41.
Rf4 1-0

[Event "23rd EUR-ch"]
[Site "Vrnjacka Banja SRB"]
[Date "2023.03.10"]
[Round "8.177"]
[White "Cuzovic, Ognjen"]
[Black "Sredojevic, Ivan"]
[Result "1/2-1/2"]
[WhiteElo "2009"]
[BlackElo "2255"]
[EventDate "2023.03.03"]
[PlyCount "54"]

1.d4 Nf6 2.c4 g6 3.Nc3 d5 4.cxd5 Nxd5 5.e4 Nxc3 6.bxc3 Bg7 7.Nf3 c5 8.Be3 
Qa5 9.Qd2 O-O 10.Rc1 Rd8 11.Bh6 cxd4 12.Bxg7 Kxg7 13.cxd4 Qxd2+ 14.Kxd2 
Bd7 15.Rc7 b5 16.Ne5 Be8 17.Ke3 Kf8 18.Be2 a5 19.Rb7 f6 20.Nf3 Bc6 21.Rb6 
Ra6 22.Rxa6 Nxa6 23.a4 Nb4 24.Bxb5 Nc2+ 25.Kd3 Nb4+ 26.Ke3 Nc2+ 27.Kd3 
Nb4+ 1/2-1/2

[Event "23rd EUR-ch"]
[Site "Vrnjacka Banja SRB"]
[Date "2023.03.10"]
[Round "8.178"]
[White "Garsky, Vladyslav"]
[Black "Orian, Noga"]
[Result "1/2-1/2"]
[WhiteElo "2253"]
[BlackElo "1957"]
[EventDate "2023.03.03"]
[PlyCount "60"]

1.e4 c5 2.Ne2 d6 3.g3 g6 4.Bg2 Bg7 5.c3 e6 6.d4 cxd4 7.cxd4 Ne7 8.Nbc3 O-O
9.O-O Nbc6 10.Be3 b6 11.Qd2 Re8 12.Rac1 Ba6 13.Rfd1 Qd7 14.Bh3 Qb7 15.Nb1 
d5 16.e5 Rac8 17.Nf4 Na5 18.b3 Rxc1 19.Rxc1 Rc8 20.Rxc8+ Qxc8 21.Na3 Bf8 
22.Nc2 Qd7 23.Nb4 Bb7 24.Qd3 Nf5 25.Bd2 Nc6 26.Nc2 Ng7 27.Ne3 Nb4 28.Qb1 
Qd8 29.Bf1 Nc6 30.Qb2 Qe7 1/2-1/2

[Event "23rd EUR-ch"]
[Site "Vrnjacka Banja SRB"]
[Date "2023.03.10"]
[Round "8.179"]
[White "Todorovic, Bojan"]
[Black "Arsenie, Cristian Marc"]
[Result "1-0"]
[WhiteElo "2249"]
[BlackElo "1971"]
[EventDate "2023.03.03"]
[PlyCount "75"]

1.d4 Nf6 2.c4 e6 3.Nc3 Bb4 4.Nf3 d5 5.cxd5 exd5 6.Bg5 h6 7.Bh4 O-O 8.e3 
Bf5 9.Bd3 Bxd3 10.Qxd3 Nbd7 11.O-O c6 12.a3 Bxc3 13.Qxc3 a5 14.Nd2 Qb6 15.
b3 Rfe8 16.f3 c5 17.dxc5 Qxc5 18.Qxc5 Nxc5 19.Bxf6 gxf6 20.b4 Nd3 21.e4 
axb4 22.axb4 Rac8 23.Rfd1 Nxb4 24.exd5 Red8 25.Ne4 f5 26.Nf6+ Kg7 27.Nh5+ 
Kf8 28.Nf4 Rc4 29.g3 Rc5 30.Rd2 Rd6 31.Rb1 Nxd5 32.Rbd1 Nxf4 33.Rxd6 Ne6 
34.R6d5 Rc2 35.f4 Nc5 36.Rxf5 b5 37.Rb1 Ne6 38.Rfxb5 1-0

[Event "23rd EUR-ch"]
[Site "Vrnjacka Banja SRB"]
[Date "2023.03.10"]
[Round "8.180"]
[White "Senel, Hayri Beyhun"]
[Black "Zadravec, Matija"]
[Result "0-1"]
[WhiteElo "1904"]
[BlackElo "2248"]
[EventDate "2023.03.03"]
[PlyCount "50"]

1.d4 Nf6 2.Bf4 e6 3.Nf3 d5 4.e3 c5 5.Nbd2 Nc6 6.c3 cxd4 7.exd4 Nh5 8.Bg5 
f6 9.Be3 Bd6 10.g3 O-O 11.Bg2 f5 12.Ne5 f4 13.Nxc6 bxc6 14.Qxh5 fxe3 15.
fxe3 Rb8 16.Rb1 e5 17.Bh3 g6 18.Qh6 Ba6 19.Bf1 Qa5 20.a3 exd4 21.Bxa6 dxc3
22.Bd3 cxd2+ 23.Ke2 Rf6 24.Qh4 Rbf8 25.g4 Rf3 0-1

[Event "23rd EUR-ch"]
[Site "Vrnjacka Banja SRB"]
[Date "2023.03.10"]
[Round "8.181"]
[White "Medancic, Rikard"]
[Black "Novkovic, Milan"]
[Result "1/2-1/2"]
[WhiteElo "2139"]
[BlackElo "2356"]
[EventDate "2023.03.03"]
[PlyCount "41"]

1.e4 e5 2.Nf3 Nc6 3.Bb5 a6 4.Ba4 Nf6 5.d3 b5 6.Bb3 Be7 7.O-O d6 8.c3 O-O 
9.Re1 Na5 10.Bc2 c5 11.Nbd2 Nc6 12.Nf1 Re8 13.a4 Bd7 14.Bg5 h6 15.Bd2 Bf8 
16.Ne3 Be6 17.Bb3 c4 18.Bc2 Qb6 19.b4 cxb3 20.Bxb3 Bxb3 21.Qxb3 1/2-1/2

[Event "23rd EUR-ch"]
[Site "Vrnjacka Banja SRB"]
[Date "2023.03.10"]
[Round "8.182"]
[White "Nikolaidis, Konstantinos"]
[Black "Nyysti, Sampsa"]
[Result "0-1"]
[WhiteElo "2133"]
[BlackElo "2345"]
[EventDate "2023.03.03"]
[PlyCount "80"]

1.e4 c5 2.Nf3 e6 3.d4 cxd4 4.Nxd4 Nc6 5.Nc3 a6 6.Be3 Nf6 7.a3 Qc7 8.Be2 b5
9.Nxc6 dxc6 10.f4 e5 11.O-O Bd6 12.f5 Qe7 13.Bg5 Bc5+ 14.Kh1 Bb7 15.Bf3 
Bd4 16.Qe2 a5 17.Nd1 Ba6 18.Re1 h6 19.Bh4 g5 20.fxg6 fxg6 21.c3 b4 22.Qc2 
bxc3 23.bxc3 Bc5 24.Be2 O-O 25.Nb2 Qe6 26.Bxa6 Rxa6 27.Qe2 Ra7 28.Qc4 Qxc4
29.Nxc4 Nd7 30.Rf1 a4 31.Rxf8+ Bxf8 32.Bg3 Rb7 33.Rd1 Rb3 34.Nxe5 Nxe5 35.
Bxe5 Rxa3 36.h3 Kf7 37.Bd4 Ke6 38.Rb1 Rb3 39.Rf1 Be7 40.Ra1 a3 0-1

[Event "23rd EUR-ch"]
[Site "Vrnjacka Banja SRB"]
[Date "2023.03.10"]
[Round "8.183"]
[White "Bashylina, Luisa"]
[Black "Bashirli, Nail"]
[Result "1/2-1/2"]
[WhiteElo "2127"]
[BlackElo "2343"]
[EventDate "2023.03.03"]
[PlyCount "131"]

1.d4 Nf6 2.c4 e6 3.Nc3 Bb4 4.f3 d5 5.a3 Bxc3+ 6.bxc3 c5 7.cxd5 Nxd5 8.dxc5
f5 9.Nh3 O-O 10.Nf4 Nc6 11.Nxd5 exd5 12.Bf4 Qa5 13.Qxd5+ Kh8 14.Kf2 Qxc3 
15.Rd1 Re8 16.Rd3 Qf6 17.Qc4 Be6 18.Qc3 Qf7 19.e3 Ne7 20.Bd6 Rac8 21.Be2 
Bc4 22.Rd2 Bxe2 23.Rxe2 Nc6 24.Rb1 Qg6 25.Rxb7 h6 26.Rd2 Re6 27.Bf4 Nd8 
28.Rxa7 Rec6 29.Be5 Ne6 30.Rdd7 Kg8 31.Bd4 f4 32.e4 Qg5 33.g3 Nxd4 34.Qxd4
Rxc5 35.Rac7 R5xc7 36.Rxc7 Rd8 37.Rd7 Rc8 38.Qd2 Kh7 39.Rd5 Qf6 40.Kg2 
fxg3 41.hxg3 Rc3 42.Rd3 Rc5 43.f4 Qc6 44.Kf3 Rc2 45.Qe3 Rc1 46.f5 Qc2 47.
Qd2 Qb1 48.Kg4 Re1 49.Re3 Rh1 50.e5 Qf1 51.Qd3 Qh3+ 52.Kf4 Rf1+ 53.Rf3 Re1
54.f6+ g6 55.f7 Qc8 56.g4 Qc1+ 57.Re3 Rf1+ 58.Qxf1 g5+ 59.Kg3 Qxf1 60.Rf3 
Qg1+ 61.Kh3 Qh1+ 62.Kg3 Qg1+ 63.Kh3 h5 64.gxh5 Qh1+ 65.Kg3 Qg1+ 66.Kh3 
1/2-1/2

[Event "23rd EUR-ch"]
[Site "Vrnjacka Banja SRB"]
[Date "2023.03.10"]
[Round "8.184"]
[White "Gkavardinas, Antonios"]
[Black "Vujic, Mihailo"]
[Result "1-0"]
[WhiteElo "2121"]
[BlackElo "2281"]
[EventDate "2023.03.03"]
[PlyCount "97"]

1.e4 e5 2.Nf3 Nc6 3.Bc4 f5 4.d4 exd4 5.e5 d5 6.exd6 cxd6 7.O-O d5 8.Re1+ 
Be7 9.Bb3 Nf6 10.Nxd4 O-O 11.Nc3 Bc5 12.Be3 Bb6 13.Nf3 Ba5 14.Bc5 Bxc3 15.
bxc3 Re8 16.Rxe8+ Qxe8 17.Bxd5+ Be6 18.Bxc6 Qxc6 19.Bd4 Ne4 20.Qe2 Re8 21.
Ne5 Qc7 22.c4 b6 23.f3 Nd6 24.c5 bxc5 25.Bc3 f4 26.a4 Nf7 27.Nd3 Bd7 28.
Qd2 g5 29.Bb2 Qb6 30.Qc3 c4+ 31.Kh1 Qg6 32.Qxc4 Be6 33.Re1 Ne5 34.Qc3 Nxd3
35.cxd3 Kf7 36.Qd4 Re7 37.Bc3 Rd7 38.Qc5 Qf5 39.Re5 Qf6 40.d4 Kg6 41.h3 h6
42.Bb2 Bf7 43.Qc2+ Kh5 44.Qe4 Bg6 45.g4+ Kh4 46.Qe1+ Kxh3 47.Qf1+ Kh4 48.
Qf2+ Kh3 49.Qh2# 1-0

[Event "23rd EUR-ch"]
[Site "Vrnjacka Banja SRB"]
[Date "2023.03.10"]
[Round "8.185"]
[White "Khandelwal, Ankush"]
[Black "Efremov, Vladislav"]
[Result "0-1"]
[WhiteElo "2255"]
[BlackElo "2120"]
[EventDate "2023.03.03"]
[PlyCount "72"]

1.e4 c5 2.Nf3 Nc6 3.d4 cxd4 4.Nxd4 Nf6 5.Nc3 d6 6.Bg5 Bd7 7.Bc4 Rc8 8.O-O 
Qa5 9.Bxf6 gxf6 10.Nf5 Bxf5 11.exf5 Qxf5 12.Re1 e6 13.Ne4 Rd8 14.Ng3 Qc5 
15.Bb3 Be7 16.Qg4 Qg5 17.Bxe6 fxe6 18.Qxe6 Rg8 19.f4 Qg4 20.Qd5 Rg6 21.Nf5
Qxf4 22.Re2 Ne5 23.Rf1 Qb4 24.Qe6 Rd7 25.h4 Qg4 26.Ref2 Qc4 27.Qxe7+ Rxe7 
28.Nxd6+ Kd7 29.Nxc4 Nxc4 30.Rf4 Ne3 31.R1f2 Reg7 32.Rd4+ Kc7 33.Rdd2 f5 
34.Rde2 f4 35.h5 Rg4 36.h6 R7g6 0-1

[Event "23rd EUR-ch"]
[Site "Vrnjacka Banja SRB"]
[Date "2023.03.10"]
[Round "8.186"]
[White "Farkas, Tibor"]
[Black "Simonovic, Miroslav"]
[Result "0-1"]
[WhiteElo "2247"]
[BlackElo "2115"]
[EventDate "2023.03.03"]
[PlyCount "68"]

1.e4 c5 2.Nf3 Nc6 3.d4 cxd4 4.Nxd4 g6 5.c4 Bg7 6.Be3 d6 7.Nc3 Nf6 8.Be2 
O-O 9.O-O Bd7 10.Qd2 Ng4 11.Bxg4 Bxg4 12.f3 Bd7 13.Rfd1 Re8 14.Rac1 Nxd4 
15.Bxd4 Bxd4+ 16.Qxd4 Bc6 17.b4 b6 18.Nd5 Rc8 19.Ne3 Qc7 20.h4 f6 21.Qd2 
Kf7 22.a3 h5 23.Rc3 Kg7 24.Rdc1 Red8 25.Qf2 Qd7 26.Kh2 Qe6 27.Qg3 Kf7 28.
Nd5 Rg8 29.Qf4 g5 30.hxg5 Rxg5 31.Ne3 Rcg8 32.R1c2 Ba4 33.Rd2 Bd7 34.Rd5 
Rxg2+ 0-1

[Event "23rd EUR-ch"]
[Site "Vrnjacka Banja SRB"]
[Date "2023.03.10"]
[Round "8.187"]
[White "Blagojevic, Tijana"]
[Black "Janjic, Stefan"]
[Result "1-0"]
[WhiteElo "2238"]
[BlackElo "2115"]
[EventDate "2023.03.03"]
[PlyCount "71"]

1.e4 c5 2.Nf3 e6 3.g3 Nc6 4.d4 cxd4 5.Nxd4 d5 6.Nc3 Bb4 7.Bg2 dxe4 8.Nxc6 
Qxd1+ 9.Kxd1 bxc6 10.Nxe4 Bb7 11.c3 O-O-O+ 12.Kc2 Be7 13.Be3 Nf6 14.Nxf6 
gxf6 15.Rhd1 c5 16.Bxb7+ Kxb7 17.Rxd8 Rxd8 18.Rd1 Rxd1 19.Kxd1 h5 20.Ke2 
Kc6 21.c4 a6 22.Kf3 f5 23.Kf4 f6 24.Kf3 Bd6 25.Kg2 e5 26.Kh3 f4 27.gxf4 
exf4 28.Bd2 f3 29.Kh4 Bxh2 30.Kxh5 Be5 31.b3 Bd4 32.Be1 Kd6 33.Kg4 Ke5 34.
Kxf3 Kd6 35.Bd2 Be5 36.Be3 1-0

[Event "23rd EUR-ch"]
[Site "Vrnjacka Banja SRB"]
[Date "2023.03.10"]
[Round "8.188"]
[White "Lauda, Alexandr"]
[Black "Eric, Jovana"]
[Result "0-1"]
[WhiteElo "2084"]
[BlackElo "2230"]
[EventDate "2023.03.03"]
[PlyCount "64"]

1.e4 c5 2.Nf3 d6 3.d4 cxd4 4.Nxd4 Nf6 5.Nc3 a6 6.Bc4 e6 7.Bb3 b5 8.O-O Be7
9.Qf3 Qb6 10.Be3 Qb7 11.Qg3 O-O 12.Bh6 Ne8 13.Rad1 Kh8 14.Bg5 Bxg5 15.Qxg5
Nf6 16.f3 Nc6 17.Nxc6 Qxc6 18.Qg3 b4 19.Ne2 d5 20.e5 Nd7 21.Rd4 Qc7 22.f4 
a5 23.c3 Ba6 24.Re1 f5 25.exf6 Nxf6 26.f5 e5 27.Bxd5 Qc5 28.cxb4 axb4 29.
Rc1 Qb6 30.Bxa8 exd4 31.Rc7 d3+ 32.Kh1 Nh5 0-1

[Event "23rd EUR-ch"]
[Site "Vrnjacka Banja SRB"]
[Date "2023.03.10"]
[Round "8.189"]
[White "Djokic, Mihailo"]
[Black "Roebers, Jan"]
[Result "1-0"]
[WhiteElo "2227"]
[BlackElo "2113"]
[EventDate "2023.03.03"]
[PlyCount "49"]

1.e4 e5 2.Nf3 Nc6 3.Nc3 Nf6 4.Bb5 Bd6 5.d3 a6 6.Bc4 b5 7.Bb3 h6 8.a4 b4 9.
Ne2 Na5 10.Ba2 b3 11.cxb3 Nc6 12.Ng3 Bb4+ 13.Bd2 a5 14.Bxb4 Nxb4 15.Nxe5 
d5 16.O-O O-O 17.Bb1 Bb7 18.f4 c5 19.Kh1 dxe4 20.dxe4 Qxd1 21.Rxd1 Rfd8 
22.Bd3 Ng4 23.Nxg4 Nxd3 24.f5 h5 25.Nxh5 1-0

[Event "23rd EUR-ch"]
[Site "Vrnjacka Banja SRB"]
[Date "2023.03.10"]
[Round "8.190"]
[White "Kostic, Milutin B."]
[Black "Nadj Hedjesi, Balind"]
[Result "0-1"]
[WhiteElo "2049"]
[BlackElo "2223"]
[EventDate "2023.03.03"]
[PlyCount "130"]

1.d4 Nf6 2.Nf3 e6 3.g3 b6 4.Bg2 Bb7 5.c4 Bb4+ 6.Bd2 c5 7.Bxb4 cxb4 8.O-O 
O-O 9.Qd3 Be4 10.Qb3 Qe7 11.Nbd2 Bb7 12.Rfe1 Ne4 13.Nxe4 Bxe4 14.Ne5 Bxg2 
15.Kxg2 Nc6 16.Nxc6 dxc6 17.e4 Rfd8 18.Rad1 a5 19.Qf3 h6 20.Re3 Rab8 21.
Red3 b5 22.cxb5 Rxb5 23.Qe2 f5 24.exf5 Rxf5 25.Re3 Rd6 26.Re1 Kf7 27.Re5 
Rxe5 28.Qxe5 Rd5 29.Qf4+ Kg8 30.Qe4 Rd6 31.Rc1 Qd7 32.Rc4 Rd5 33.h3 Kf7 
34.Qf3+ Ke7 35.Qe4 Kd8 36.h4 Kc7 37.Qf4+ Kb7 38.Qe4 Qd6 39.Qg4 Qd7 40.Qe4 
Rf5 41.Rc2 Kb6 42.f3 Rd5 43.Rc4 Qd6 44.f4 Rf5 45.b3 Kb7 46.Rc2 Rd5 47.Rc4 
Kb6 48.Qe3 Qd7 49.Qe4 Kb7 50.Qe3 g5 51.hxg5 hxg5 52.Qe4 gxf4 53.Qxf4 e5 
54.dxe5 Rd2+ 55.Kf3 Rd1 56.Kf2 Qd3 57.Kg2 Rd2+ 58.Kh3 Qh7+ 59.Kg4 Rh2 60.
Kf3 Qd3+ 61.Kg4 Rh7 62.Qf6 Qd1+ 63.Kf4 Qd5 64.e6 Rh1 65.Kg4 Qh5+ 0-1

[Event "23rd EUR-ch"]
[Site "Vrnjacka Banja SRB"]
[Date "2023.03.10"]
[Round "8.191"]
[White "Mitrovic, Marjan"]
[Black "Veleski, Robert"]
[Result "1-0"]
[WhiteElo "2208"]
[BlackElo "2106"]
[EventDate "2023.03.03"]
[PlyCount "81"]

1.Nf3 Nf6 2.g3 g6 3.Bg2 Bg7 4.c4 O-O 5.O-O d6 6.d4 Nc6 7.Nc3 a6 8.b3 Rb8 
9.a4 a5 10.Bb2 Nb4 11.Ne1 Nd7 12.Nd5 Nc6 13.e3 Nc5 14.Nd3 Nxd3 15.Qxd3 Bf5
16.Qd2 Bd7 17.h3 Qc8 18.Kh2 Re8 19.Rad1 Bf5 20.f4 Bd7 21.e4 e6 22.Ne3 Nb4 
23.Rf2 c6 24.e5 d5 25.Bc3 Bf8 26.g4 dxc4 27.bxc4 b5 28.c5 bxa4 29.Nc4 Qa6 
30.Bf1 Qa7 31.Nb6 Rxb6 32.cxb6 Qxb6 33.Bd3 Nd5 34.f5 Nxc3 35.fxg6 hxg6 36.
Qxc3 Qb4 37.Qc4 Qb5 38.Qc2 Qd5 39.Bxg6 Re7 40.Be4 Qb5 41.Qc1 1-0

[Event "23rd EUR-ch"]
[Site "Vrnjacka Banja SRB"]
[Date "2023.03.10"]
[Round "8.193"]
[White "Tudor, Henry Edward"]
[Black "Dimitrijevic, Dusan"]
[Result "1/2-1/2"]
[WhiteElo "2201"]
[BlackElo "2105"]
[EventDate "2023.03.03"]
[PlyCount "129"]

1.d4 Nf6 2.c4 c5 3.d5 b5 4.cxb5 a6 5.bxa6 g6 6.Nc3 Bxa6 7.e4 Bxf1 8.Kxf1 
d6 9.g3 Bg7 10.Kg2 O-O 11.Nf3 Nbd7 12.a4 Qa5 13.Qe2 Rfb8 14.Ra3 Ne8 15.Nb5
Nc7 16.Bd2 Qb6 17.Nxc7 Qxc7 18.Bc3 Bxc3 19.bxc3 Ra5 20.h4 h5 21.Re1 f6 22.
g4 hxg4 23.Nh2 Kg7 24.Qxg4 Ne5 25.Qg3 c4 26.Rg1 Kf7 27.Kh1 Rg8 28.Ng4 Nxg4
29.Qxg4 Qc8 30.Qxc8 Rxc8 31.Kg2 Rca8 32.Rga1 f5 33.Kf3 Rh8 34.Rh1 Rh5 35.
e5 dxe5 36.Rb1 Rxh4 37.Rb5 Rh3+ 38.Ke2 Rxb5 39.axb5 Rh1 40.Ra4 Rb1 41.Ra7 
Kf6 42.Ra6+ Kg5 43.Re6 Rxb5 44.Rxe5 Kf4 45.Rxe7 Rxd5 46.Rc7 Re5+ 47.Kf1 
Re4 48.Kg2 g5 49.Rc5 g4 50.Kf1 Kg5 51.Rc6 Kh5 52.Kg2 Kh4 53.Rh6+ Kg5 54.
Rc6 f4 55.Rc5+ Kh4 56.Rc8 f3+ 57.Kh2 Re2 58.Rh8+ Kg5 59.Kg3 Kf5 60.Rf8+ 
Ke4 61.Rd8 Ke5 62.Re8+ Kd5 63.Rd8+ Kc5 64.Rc8+ Kd5 65.Rd8+ 1/2-1/2